000 00431nam a22001697a 4500
999 _c3220
_d3177
008 180706b xxu||||| |||| 00| | tur d
020 _a9755101233
041 _atur
050 _aPL248.E39
100 _aEdgü, Ferit
_938
245 _aEylülün Gölgesinde Bir Yazdı
250 _a2. Baskı
260 _aİstanbul:
_bCan Yayınları,
_cEkim 1989
300 _a132 Sayfa
650 0 _9145
_aTürk Edebiyatı
942 _2lcc
_cBK